| 000 | 02626cam a2200445Ii 4500 | ||
|---|---|---|---|
| 999 |
_c27198 _d27198 |
||
| 006 | m o d | ||
| 007 | cr cnu|||unuuu | ||
| 008 | 190610s2019 flua ob 101 0 eng d | ||
| 020 |
_a9780429341939 _q(electronic bk.) |
||
| 020 |
_a0429341938 _q(electronic bk.) |
||
| 020 |
_a9781000682441 _q(electronic bk. : EPUB) |
||
| 020 |
_a1000682447 _q(electronic bk. : EPUB) |
||
| 020 |
_a9781000681741 _q(electronic bk. : PDF) |
||
| 020 |
_a1000681742 _q(electronic bk. : PDF) |
||
| 020 |
_a9781000682090 _q(electronic bk. : Mobipocket) |
||
| 020 |
_a1000682099 _q(electronic bk. : Mobipocket) |
||
| 040 |
_aOCoLC-P _beng _erda _epn |
||
| 072 | 7 |
_aTEC _x025000 _2bisacsh |
|
| 072 | 7 |
_aTEC _x009020 _2bisacsh |
|
| 072 | 7 |
_aTEC _x063000 _2bisacsh |
|
| 072 | 7 |
_aTN _2bicssc |
|
| 082 | 0 | 4 |
_a623.893 _223 |
| 245 | 0 | 0 |
_aAdvances in marine navigation and safety of sea transportation / _ceditors, Adam Weintrit & Tomasz Neumann, Gdynia Maritime University, Gdynia, Poland. |
| 260 |
_aLondon _bTaylor & Francis Group _c2019 |
||
| 300 |
_a1 online resource : _billustrations (some color) |
||
| 500 | _a"A Balkema book." | ||
| 500 | _aPapers presented at the 13th International Conferences TransNav 2019 on Marine Navigation and Safety of Sea Transportation, Gdynia, Poland, 12-14 June, 2019. | ||
| 520 | _aThis volume contains a selection of papers presented at the 13th International Conference on Marina Navigation and Safety of Sea Transport and is addressed to scientists and professionals in order to share their expert knowledge, experience and research results concerning all aspects of navigation, safety of navigation and sea transportation. The Thirteen Edition of the most innovative World conference on maritime transport research is designed to find solutions to challenges in waterborne transport, navigation and shipping, mobility of people and goods with respect to energy, infrastructure, environment, safety and security as well as to economic issues. | ||
| 650 | 0 |
_aElectronics in navigation _vCongresses. |
|
| 650 | 0 |
_aAids to navigation _vCongresses. |
|
| 650 | 0 |
_aNautical instruments _vCongresses. |
|
| 650 | 7 |
_aTECHNOLOGY & ENGINEERING / Military Science. _2bisacsh |
|
| 650 | 7 |
_aTECHNOLOGY / Engineering / Civil _2bisacsh |
|
| 700 | 1 |
_aWeintrit, Adam, _eeditor. |
|
| 700 | 1 |
_aNeumann, Tomasz, _eeditor. |
|
| 711 | 2 |
_aInternational Conference on Marine Navigation and Safety of Sea Transportation _n(13th : _d2019 : _cGdynia, Poland) |
|
| 856 | 4 | 0 | _uhttps://www.taylorfrancis.com/books/9780429341939 |
| 856 | 4 | 2 | _uhttp://www.oclc.org/content/dam/oclc/forms/terms/vbrl-201703.pdf |
| 942 | _cEBK | ||